Presencia y soledad
Furkejuvvon:
| Váldodahkki: | |
|---|---|
| Materiálatiipa: | Girji |
| Giella: | espánnjágiella |
| Almmustuhtton: |
Buenos Aires
Universidad de Buenos Aires
1949
|
| Preanttus: | 1a. ed |
| Fáttát: | |
| Fáddágilkorat: |
Lasit fáddágilkoriid
Eai fáddágilkorat, Lasit vuosttaš fáddágilkora!
|
MARC
| LEADER | 00000nam a2200000 a 4500 | ||
|---|---|---|---|
| 001 | UCJ4529 | ||
| 003 | CL-VaPUC | ||
| 008 | 070124e19490000AG |||||||||||||||||spa|d | ||
| 082 | 0 | 4 | |a Pe864 |b WAG |2 21 |
| 100 | 0 | |a Wagner de Reyna, Alberto |e author |9 508465 | |
| 245 | 1 | 0 | |a Presencia y soledad |
| 250 | |a 1a. ed | ||
| 300 | |a 34 p | ||
| 942 | |c BK | ||
| 945 | |d 20070124 00:00:00 |a rinostro | ||
| 260 | |a Buenos Aires |b Universidad de Buenos Aires |c 1949 | ||
| 650 | 7 | |a ENSAYO PERUANO |2 CL-VaPUC |9 508466 | |
| 650 | 0 | |a Meditaciones |9 309833 | |
| 650 | 0 | |a Espiritualidad |9 267331 | |
| 650 | 0 | |a Humanismo cristiano |9 257489 | |
| 583 | |a last modification |c 20070124 00:00:00 |k Rodrigo Vera | ||
| 999 | |c 320645 |d 320643 | ||
| 952 | |0 0 |1 0 |4 0 |6 PE_864_000000000000000_WAG_1949 |7 0 |8 ? |9 399202 |a FDOBUD |b FDOBUD |d 2019-11-22 |i 1020498 |o Pe864 WAG 1949 |p 1020498 |r 2019-11-22 |w 2019-11-22 |y BK |k BUD | ||